Music Quiz

Random Music or Song Quiz

Recycled Song Titles Quiz Stats

 Plays Quiz Updated Jul 16, 2019

Score 0/17 Timer 07:00
0 Plays Today
Artist/Band Song % Correct
Kriss KrossJump
52.5%
Patsy ClineCrazy
47.3%
Enrique IglesiasHero
44.8%
U2One
40.5%
EurythmicsSweet Dreams
30.1%
Pink FloydWish You Were Here
23.8%
Frank SinatraTime After Time
22.4%
The CarsDrive
22.2%
WarrantHeaven
14.5%
Artist/Band Song % Correct
EminemSuperman
11.3%
Kool Moe DeeWild, Wild West
9%
Simon & GarfunkelThe Boxer
6.2%
The Sex PistolsSeventeen
6.2%
Madonna Angel
5.6%
Buddy HollyEveryday
4.8%
Kenny RogersBlaze Of Glory
3.8%
Duran Duran Notorious
1.7%

You're not logged in!

Compare scores with friends on all Sporcle quizzes.
OR
Log In

Sporcle TV

Today on Sporcle TV


Watch our educational content, quiz creation guides, and fun videos on Sporcle TV.

Show Comments

Extras

Top Quizzes Today


Score Distribution

Your Account Isn't Verified!

In order to create a playlist on Sporcle, you need to verify the email address you used during registration. Go to your Sporcle Settings to finish the process.

Report this User

Report this user for behavior that violates our Community Guidelines.

Details: